000 00939 a2200229 4500
003 Nust
005 20221223173052.0
010 _a 92040518
020 _a039303531X :
040 _cNust
082 0 0 _a355.009,ALE
100 1 _aAlexander, Bevin.
_948682
245 1 0 _aHow great generals win /
_cBevin Alexander.
250 _a1st ed.
260 _aNew York :
_bNorton,
_cc1993.
300 _a320 p. :
_bill., maps ;
_c22 cm.
505 _aThe General Who beat Hannibal (Page-19), Mongol Secrets (Page-67), Napoleon and Wars of Annihilation (Page-95), Stonewall Jackson (Page-123), Sherman The general who won civil War (Page-143), Palestine 1918 (Page-168), Mao Zedong (Page-187), France 1940 Victory by Surprise (Page-209), MacArthur (Page-276), The Enduring Unity of War (Page-299).
650 0 _aBattles.
_948667
650 0 _aGenerals.
_937930
650 0 _aMilitary art and science
_xHistory.
942 _2ddc
_cBK
_k355.009,ALE
999 _c185126
_d185126